Hoover's handbook of world business 2006 : profiles of major global enterprises.
| Format: | Book |
|---|---|
| Published: |
Texas:
Hoover's Business Press,
2006.
|
| Subjects: |
| LEADER | 00551cam a2200157 7i4500 | ||
|---|---|---|---|
| 001 | 0000017603 | ||
| 005 | 20060620090000.0 | ||
| 020 | 0 | 0 | |a 1-57311-110-4 |
| 090 | 0 | 0 | |a I 338.7 |b HOO |
| 245 | 0 | 0 | |a Hoover's handbook of world business 2006 : |b profiles of major global enterprises. |
| 260 | 0 | 0 | |a Texas: |b Hoover's Business Press, |c 2006. |
| 300 | # | # | |a 407 p. |
| 650 | 0 | 0 | |a Business enterprises -- |x Directories |
| 650 | 0 | 0 | |a Corporations -- |x Directories |
| 650 | 0 | 0 | |a Global enterprises -- |x Directories |
| 999 | |a B000018824 |b Book |c International |e Business Information Centre | ||


